Netmortgage closes site to new business (Record no. 67003)

MARC details
000 -LEADER
fixed length control field 00754cam a2200193 4500
001 - CONTROL NUMBER
control field WB3719-21
008 - FIXED-LENGTH DATA ELEMENTS--GENERAL INFORMATION
fixed length control field 000000n2001 000 0 eng u
035 ## - SYSTEM CONTROL NUMBER
System control number (Sirsi) u112574
245 ## - TITLE STATEMENT
Title Netmortgage closes site to new business
260 ## - PUBLICATION, DISTRIBUTION, ETC.
Date of publication, distribution, etc. 2001
490 ## - SERIES STATEMENT
Series statement Revolution
Volume/sequential designation 9 May 2001, 5(1)
520 ## - SUMMARY, ETC.
Summary, etc. The online mortgage aggregator Netmortgage, which is backed by independent mortgage broker Savills Private Finance, has ceased taking new business and withdrawn its site. Its director has cited lack of growth in public confidence in transacting online as a key reason for this decision.
590 ## - LOCAL NOTE (RLIN)
Local note WB
650 ## - SUBJECT ADDED ENTRY--TOPICAL TERM
Topical term or geographic name entry element NETMORTGAGE
650 ## - SUBJECT ADDED ENTRY--TOPICAL TERM
Topical term or geographic name entry element E-COMMERCE
650 ## - SUBJECT ADDED ENTRY--TOPICAL TERM
Topical term or geographic name entry element MORTGAGES
690 ## - LOCAL SUBJECT ADDED ENTRY--TOPICAL TERM (OCLC, RLIN)
Topical term or geographic name as entry element INFORMATION TECHNOLOGY-INTERNET
942 ## - ADDED ENTRY ELEMENTS (KOHA)
Suppress in OPAC 0
Holdings
Withdrawn status Lost status Source of classification or shelving scheme Damaged status Not for loan Home library Current library Shelving location Date acquired Total Checkouts Full call number Barcode Date last seen Copy number Price effective from Koha item type
    Dewey Decimal Classification     London London News article 15/05/2001   WB3719-21 112574-1001 06/08/2019 1 06/08/2019 News article